The chemical indutry in some European countries
محفوظ في:
| التنسيق: | كتاب |
|---|---|
| اللغة: | Undetermined |
| منشور في: |
[London]
Economic research group of the Amsterdam-Rotterdam Bank
1967
|
| الموضوعات: | |
| الوسوم: |
إضافة وسم
لا توجد وسوم, كن أول من يضع وسما على هذه التسجيلة!
|
| Thư viện lưu trữ: | Trung tâm Học liệu Trường Đại học Cần Thơ |
|---|
| LEADER | 00498nam a2200169Ia 4500 | ||
|---|---|---|---|
| 001 | CTU_80844 | ||
| 008 | 210402s9999 xx 000 0 und d | ||
| 082 | |a 338.4 | ||
| 082 | |b C517 | ||
| 245 | 4 | |a The chemical indutry in some European countries | |
| 260 | |a [London] | ||
| 260 | |b Economic research group of the Amsterdam-Rotterdam Bank | ||
| 260 | |c 1967 | ||
| 650 | |a Chemical industry | ||
| 650 | |z European | ||
| 904 | |i Trọng Hải | ||
| 980 | |a Trung tâm Học liệu Trường Đại học Cần Thơ | ||